|
|
|
|
| LEADER |
00000nam0a2200000 4500 |
| 001 |
164534 |
| 005 |
20231031161302.0 |
| 010 |
|
|
|a 9785889988106
|
| 035 |
|
|
|a (RuTPU)RU\TPU\book\178492
|
| 090 |
|
|
|a 164534
|
| 100 |
|
|
|a 20090907d2008 m y0rusy50 ca
|
| 101 |
0 |
|
|a eng
|
| 102 |
|
|
|a RU
|
| 105 |
|
|
|a a j 001zy
|
| 200 |
1 |
|
|a Автомобили и автомобильная промышленность. Motor transport and motor car industry
|e учебное пособие для вузов
|f Г. В. Шевцова [и др.]
|g Южно-Российский государственный технический университет (Новочеркасский политехнический институт) (ЮРГТУ (НПИ))
|
| 210 |
|
|
|a Новочеркасск
|c Изд-во Новочеркасского ГТУ
|d 2008
|
| 215 |
|
|
|a 368 с.
|c ил.
|
| 320 |
|
|
|a Библиогр.: с. 367.
|
| 330 |
|
|
|a Пособие написано в соответствии с программой по иностранным языкам для неязыковых вузов. Пособие содержит тексты, заимствованные из оригинальной литературы и охватывающие основные направления данной специальности, разнообразные упражнения, дополнительные тексты для чтения, список сокращений, краткий грамматический справочник и глоссарий. Учебный материал пособия направлен на формирование и развитие языковой коммуникативной компетенции и навыков профессионально-ориентированного языкового взаимодействия.
|
| 606 |
1 |
|
|a Английский язык
|x Учебные руководства и пособия
|x Хрестоматии, книги для чтения технические
|2 stltpush
|3 (RuTPU)RU\TPU\subj\29076
|
| 610 |
1 |
|
|a лексика
|
| 610 |
1 |
|
|a грамматика
|
| 610 |
1 |
|
|a разговорная речь
|
| 610 |
1 |
|
|a упражнения
|
| 610 |
1 |
|
|a автомобили
|
| 610 |
1 |
|
|a автомобильная промышленность
|
| 686 |
|
|
|a Ш143.21-923.81
|v LBC/SL-A
|2 rubbk
|
| 701 |
|
1 |
|a Шевцова
|b Г. В.
|g Галина Васильевна
|
| 701 |
|
1 |
|a Лебедева
|b О. Г.
|g Ольга Геннадьевна
|
| 701 |
|
1 |
|a Сумина
|b В. Е.
|g Виктория Евгеньевна
|
| 701 |
|
1 |
|a Рождественская
|b С. В.
|g Светлана Валерьевна
|
| 712 |
0 |
2 |
|a Южно-Российский государственный технический университет (Новочеркасский политехнический институт) (ЮРГТУ (НПИ))
|c (1999- )
|c (Новочеркасск)
|2 stltpush
|3 (RuTPU)RU\TPU\col\6721
|
| 801 |
|
1 |
|a RU
|b 63413507
|c 20090907
|
| 801 |
|
2 |
|a RU
|b 63413507
|c 20091103
|g RCR
|
| 900 |
|
|
|a Автомобили и тракторы
|
| 942 |
|
|
|c BK
|